000
00265nam a2200097Ia 4500
008
220204s9999 xx 000 0 und d
082
_a
633.5:6(047)
_b
COI
245
0
_a
Coir Board: Survey reports on coir industry
260
_a
Ernakulam
_b
Coir Board
_c
1968
942
_c
BK
999
_c
22233
_d
22233